000 00633nam a2200241Ia 4500
003 OSt
005 20220924121238.0
006 a|||||r|||| 00| 0
007 ta
008 220923b |||||||| |||| 00| 0 ara d
024 _a335267
037 _cTextual
040 _aARTS
_cARTS
_bara
041 _2ara
_aara
082 _aO28x, H3
100 _aIbn-al-Hasan Au.
_9184945
245 0 _aKitab-al-mujtani
260 _aHyderabad
_bDairat'al-ma'arif India
_c1943
300 _a123p.
_ccm.
650 _aARABIC LITERATURE
942 _hO28x, H3
_cTEXL
_2CC
999 _c406574
_d406574